Ecoencefalogía clínica / (Record no. 139678)

MARC details
000 -LEADER
campo de control de longitud fija 00849nam a2200217 4500
001 - NÚMERO DE CONTROL
campo de control 139678
003 - IDENTIFICADOR DE NÚMERO DE CONTROL
campo de control ES-MaACL
005 - FECHA Y HORA DE LA ÚLTIMA TRANSACCIÓN
campo de control 20230906195855.0
007 - CAMPO FIJO DE DESCRIPCIÓN FÍSICA--INFORMACIÓN GENERAL
campo de control de longitud fija t|
008 - DATOS DE LONGITUD FIJA--INFORMACIÓN GENERAL
campo de control de longitud fija 070214s1973 sp r ||||1| spa d
100 1# - ENTRADA PRINCIPAL--NOMBRE DE PERSONA
Nombre de persona Schiefer, Wolfgang.
9 (RLIN) 104339
245 10 - MENCIÓN DEL TÍTULO
Título Ecoencefalogía clínica /
Mención de responsabilidad, etc. por Wolfgang Schiefer..., Ekkehard Kazner..., Stefan Kunze... ; introducción... Werner Güttner... ; [traducción... Jorge de Orús Navarro ; revisión... Fernando Cervantes Gimeno...].
260 ## - PUBLICACIÓN, DISTRIBUCIÓN, ETC.
Lugar de publicación, distribución, etc. Barcelona [etc.] :
Nombre del editor, distribuidor, etc. Ed. Científico-Médica,
Fecha de publicación, distribución, etc. 1973.
300 ## - DESCRIPCIÓN FÍSICA
Extensión XI, 239 p. :
Otras características físicas il. ;
Dimensiones 28 cm.
700 1# - ENTRADA AGREGADA--NOMBRE PERSONAL
Nombre de persona Kazner, Ekkehard.
9 (RLIN) 67691
700 1# - ENTRADA AGREGADA--NOMBRE PERSONAL
Nombre de persona Kunze, Stefan.
9 (RLIN) 69042
700 1# - ENTRADA AGREGADA--NOMBRE PERSONAL
Nombre de persona Güttner, Werner.
9 (RLIN) 61252
700 1# - ENTRADA AGREGADA--NOMBRE PERSONAL
Nombre de persona Orús Navarro, Jorge de.
9 (RLIN) 87702
700 1# - ENTRADA AGREGADA--NOMBRE PERSONAL
Nombre de persona Cervantes Gimeno, Fernando.
9 (RLIN) 37591
852 ## - LOCALIZACIÓN
Ubicación ES-MaACL
Número de control de estantería C-52779
Sublocalización o colección R.86066
Holdings
Estatus retirado Estado de pérdida Estado de daño No para préstamo Biblioteca de origen Biblioteca actual Ubicación en estantería Fecha de adquisición Fuente de adquisición Total de préstamos Signatura topográfica completa Código de barras Visto por última vez Precio de reemplazo Tipo de ítem Koha
        Biblioteca del Ateneo de Madrid Biblioteca del Ateneo de Madrid Depósito 2 17/01/2008     C-52779 1145356 23/02/2023 23/02/2023 Libro impreso